000 00303nam a2200121Ia 4500
005 20251222153540.0
008 251222s9999||||xx |||||||||||||| ||spa||
082 _a920/G71
100 _aGonzález Franco, Pablo
245 0 _aCortó la Roca:
264 _bUniversidad Marcelino Champagnat
942 _cLIB
999 _c30412
_d30412